000 00460nam a22001817a 4500
003 MPLRDC
005 20220104123929.0
008 210129b ||||| |||| 00| 0 eng d
082 _a192.1 WWFR c.2
100 _a薇薇夫人
245 _a从中年出发: 我不老, 我更好
_c
250 _a初版
260 _a
_b一苇国际股份有限公司
_c1990
300 _b
490 _a好书系列. 6
650 _a修身
942 _cBK
_o192.1 WWFR c.2
999 _c15307
_d15297